000 00340 a2200145 4500
005 20250610071909.0
020 _a978-93259-8668-8
082 _a330 DWI
100 _aDWIVEDI D.
245 _aManagerial Economics
250 _a8th Ed.
260 _aNew Delhi
_bVIKAS
_c2016
300 _ax,831p.; ill,table
_bIndex
_c23cm
942 _2ddc
_cBKS
999 _c3349
_d3349